[Event "CFriend AT-2005-0-00412 email"]
[Site "Chessfriend.com"]
[Date "2005.12.10"]
[Round "1"]
[White "Sencan, Sedat"]
[Black "Aalderink, Gerwin"]
[Result "1/2-1/2"]
[WhiteElo "1800"]
[BlackElo "1997"]
[PlyCount "37"]
[EventDate "2005.??.??"]
[EventType "tourn (corr)"]
[EventRounds "2"]
[SourceTitle "Corr 2024"]
[Source "ChessBase"]
[SourceDate "2023.10.19"]
[SourceVersion "1"]
[SourceVersionDate "2023.10.19"]
[SourceQuality "1"]

1. d4 d5 2. c4 c6 3. Nc3 Nf6 4. Nf3 e6 5. Bg5 Nbd7 6. cxd5 exd5 7. e3 Be7 8. Bd3 0-0 9. 0-0 Re8 10. Qc2 Nf8 11. Rfe1 Ne4 12. Bxe4 dxe4 13. Bxe7 Qxe7 14. Nd2 f5 15. f3 exf3 16. Nxf3 Ng6 17. Na4 Be6 18. Nc5 b6 19. Nxe6 1/2-1/2

[Event "CFriend AT-2005-0-00381 email"]
[Site "Chessfriend.com"]
[Date "2005.11.27"]
[Round "1"]
[White "Sherwood, Russell"]
[Black "Sencan, Sedat"]
[Result "1-0"]
[WhiteElo "1748"]
[BlackElo "1800"]
[PlyCount "63"]
[EventDate "2005.??.??"]
[EventType "tourn (corr)"]
[EventRounds "2"]
[SourceTitle "Corr 2024"]
[Source "ChessBase"]
[SourceDate "2023.10.19"]
[SourceVersion "1"]
[SourceVersionDate "2023.10.19"]
[SourceQuality "1"]

1. d4 Nf6 2. Nf3 g6 3. Bf4 Bg7 4. e3 0-0 5. Be2 d6 6. h3 b6 7. 0-0 Bb7 8. c4 Nbd7 9. Nc3 Rc8 10. Qc2 Nh5 11. Bg5 h6 12. Bh4 Qe8 13. Nh2 Nhf6 14. Rad1 e5 15. d5 Nh7 16. e4 c6 17. dxc6 Rxc6 18. Nb5 g5 19. Bg3 Qb8 20. Ng4 a6 21. Nc3 Ndf6 22. Ne3 Rd8 23. Nf5 Qc7 24. Nd5 Nxd5 25. exd5 Rc5 26. Nxg7 Kxg7 27. Bd3 Bxd5 28. Bxh7 Bxc4 29. b4 Rc6 30. Rfe1 Be6 31. Qb1 Bxa2 32. Qxa2 1-0